LEADER 01610nam 2200349 450 001 996574836403316 005 20231213215911.0 010 $a1-5044-8140-2 035 $a(CKB)4100000012704721 035 $a(NjHacI)994100000012704721 035 $a(EXLCZ)994100000012704721 100 $a20231213d2022 uy 0 101 0 $aeng 135 $aur||||||||||| 181 $ctxt$2rdacontent 182 $cc$2rdamedia 183 $acr$2rdacarrier 200 10$a1857.10-2021 - IEEE Standard for Third-Generation Video Coding /$fInstitute of Electrical and Electronics Engineers 210 1$a[Place of publication not identified] :$cIEEE,$d2022. 215 $a1 online resource (445 pages) 330 $aA set of high-efficiency video coding tools, including intra prediction, inter prediction, transform, entropy coding and loop filter, and corresponding decoding procedure, is defined in this standard. The target applications and services include, but are not limited to, digital television broadcasting, IPTV, video surveillance, video conference, Internet video streaming, and other video/audio-enabled services and applications such as user-generated multimedia content, digital storage media, and communication. 606 $aQuantitative research 606 $aQuantitative research$vPeriodicals 615 0$aQuantitative research. 615 0$aQuantitative research 676 $a001.42 801 0$bNjHacI 801 1$bNjHacl 906 $aDOCUMENT 912 $a996574836403316 996 $a1857.10-2021 - IEEE Standard for Third-Generation Video Coding$93881579 997 $aUNISA